<?xml version="1.0" encoding="UTF-8"?>
<record
    xmlns:xsi="http://www.w3.org/2001/XMLSchema-instance"
    xsi:schemaLocation="http://www.loc.gov/MARC21/slim http://www.loc.gov/standards/marcxml/schema/MARC21slim.xsd"
    xmlns="http://www.loc.gov/MARC21/slim">

  <leader>00326nam a2200097Ia 4500</leader>
  <controlfield tag="008">230206s9999    xx            000 0 und d</controlfield>
  <datafield tag="041" ind1=" " ind2=" ">
    <subfield code="a">eng</subfield>
  </datafield>
  <datafield tag="100" ind1=" " ind2=" ">
    <subfield code="a">Murthy E N, Ed.</subfield>
    <subfield code="9">119281</subfield>
  </datafield>
  <datafield tag="245" ind1=" " ind2=" ">
    <subfield code="a">The IUP Journal of Intellectual Property Rights &amp; The IUP Journal of Information Technology</subfield>
  </datafield>
  <datafield tag="260" ind1=" " ind2=" ">
    <subfield code="c">2010</subfield>
    <subfield code="b">IUP Publications</subfield>
    <subfield code="a">Hyderabad</subfield>
  </datafield>
  <datafield tag="999" ind1=" " ind2=" ">
    <subfield code="c">97733</subfield>
    <subfield code="d">97733</subfield>
  </datafield>
  <datafield tag="952" ind1=" " ind2=" ">
    <subfield code="0">0</subfield>
    <subfield code="1">0</subfield>
    <subfield code="4">0</subfield>
    <subfield code="7">0</subfield>
    <subfield code="a">HIMR</subfield>
    <subfield code="b">HIMR</subfield>
    <subfield code="d">2016-11-30</subfield>
    <subfield code="e">Satya Gilani</subfield>
    <subfield code="h">Feb. 2010 to Sep. 2011 (Vol. 9 No.1 to Vol. 7 No. 3)</subfield>
    <subfield code="l">0</subfield>
    <subfield code="o">346.00469/MUR BV0396</subfield>
    <subfield code="p">HIMR-BV-396</subfield>
    <subfield code="r">2023-02-06 00:00:00</subfield>
    <subfield code="w">2023-02-06</subfield>
    <subfield code="y">BV</subfield>
    <subfield code="z">BV0396</subfield>
  </datafield>
</record>
